00581nam a2200193 a 450000100060000000300080000600500170001400800410003103500190007204000260009104100080011708200220012510000250014724500850017225000120025726000610026930000220033065000350035261620BD-RjUL20211209081002.0170119r1954 enk||||| |||| 00| 0 eng d a(BD-RjUL)61744 aBD-RjULbengcBD-RjUL aeng 223a400bJEM 1954 a Jespersen, Otto aMankind, nation and individual from a linguistic point of view /cOtto Jespersen a1st ed. aLondon :bGeorge Allen & Unwin,cc1946 [impression 1954] a198 p. ;c20 cm.  a Language and languages